000 01576cam a2200265 4500
001 ABS64884
008 011211n2001 000 0 eng u
035 _a(Sirsi) u115941
100 _aPope, D
245 _aChanges bring tiers to the eye
260 _c2001
490 _aEstates Gazette
_v(0146) 17 November 2001, 167(1)
520 _aArgues that proposed changes to the use classes order will slow down the development process and possibly damage regional economies. The review of the use classes order prepared by Baker Associates and published by the DTLR proposes that B1(c) - light industrial uses - should be separated from other B1 uses; and that permitted development rights for changes from this new class, and general industrial (B2), to office (B1(a)), should be removed. Potential problems with the changes include an additional layer of planning control to business decisions for new office space; greater town-centre commuter traffic congestion as offices are forced back into town centres; and risk of buildings sitting empty if they do not get change-of-use permission. Concludes that the property industry should make its objections known to government if the proposals go to consultation.
590 _aABS
650 _aINDUSTRIAL PROPERTY
650 _aOFFICE SPACE
650 _aPROPERTY INDUSTRY
650 _aCHANGE OF USE
650 _aTOWN AND COUNTRY PLANNING (USE CLASSES) ORDERS
650 _aREFORM
650 _aDEVELOPMENT CONTROL
650 _aPLANNING SYSTEM
690 _aPROPERTY-PROPERTY DEVELOPMENT
942 _n0
999 _c69067
_d69067